Сельскохозяйственные товаропроизводители: особенности налогообложения и учета (Запись № 2587664)

Подробности
000 -МАРКЕР
контрольное поле 02754nam0a2200373 4500
001 - ИДЕНТИФИКАТОР ЗАПИСИ
контрольное поле RU\NLR\bibl\1875538
005 - ИДЕНТИФИКАТОР ВЕРСИИ
контрольное поле 20260408195816.0
010 ## - МЕЖДУНАРОДНЫЙ СТАНДАРТНЫЙ НОМЕР КНИГИ (ISBN)
Номер (ISBN) 978-5-9748-0319-2
Тираж 1000
021 ## - НОМЕР ГОСУДАРСТВЕННОЙ РЕГИСТРАЦИИ
Код страны Российская Федерация
Номер 2012-9028
Номер Листа государственной регистраци 671
035 ## - ДРУГИЕ СИСТЕМНЫЕ НОМЕРА
Идентификатор записи (NLR Aleph) 001865344
100 ## - ДАННЫЕ ОБЩЕЙ ОБРАБОТКИ
Данные общей обработки 20120301d2012 |||y0rusy50 ca
101 0# - ЯЗЫК РЕСУРСА
Язык текста, звукозаписи и т.д. русский
102 ## - СТРАНА ПУБЛИКАЦИИ ИЛИ ПРОИЗВОДСТВА
Страна публикации Российская Федерация
105 ## - ПОЛЕ КОДИРОВАННЫХ ДАННЫХ: ТЕКСТОВЫЕ МАТЕРИАЛЫ, МОНОГРАФИЧЕСКИЕ
Кодированные данные о монографическом текстовом документе y |||||||||
200 1# - ЗАГЛАВИЕ И СВЕДЕНИЯ ОБ ОТВЕТСТВЕННОСТИ
Основное заглавие Сельскохозяйственные товаропроизводители: особенности налогообложения и учета
Сведения, относящиеся к заглавию правила исчисления и уплаты: ЕСХН, налога на прибыль, страховых взносов во внебюджетные фонды, других налогов и взносов
-- доходы и расходы, налоговая база, составление декларации
-- сложные вопросы. Практические примеры. Порядок перехода на уплату ЕСХН. Особенности налогообложения при применении ЕСХН индивидуальными предпринимателями
-- [пособие для высших и средних учебных заведений, факультетов и курсов повышения квалификации]
Первые сведения об ответственности Г.Ю. Касьянова
Последующие сведения об ответственности Ассоц. бухгалтеров, аудиторов и консультантов
205 ## - СВЕДЕНИЯ ОБ ИЗДАНИИ
Сведения об издании Изд. 5-е, перераб. и доп.
Дополнительные сведения об издании [ориг. изд.]
210 ## - ПУБЛИКАЦИЯ, РАСПРОСТРАНЕНИЕ И ДР.
Место издания, распространения и т.д. Москва
Имя издателя, распространителя и т. д. АБАК
Дата издания, распространения и т.д. 2012
215 ## - ФИЗИЧЕСКАЯ ХАРАКТЕРИСТИКА
Специфическое обозначение материала и объем 172, [4] с.
Размеры 21
225 1# - СЕРИЯ
Основное заглавие серии Практические рекомендации для бухгалтера и руководителя
Сведения об ответственности под общ. ред. Г.Ю. Касьяновой
225 1# - СЕРИЯ
Основное заглавие серии Налоговый практикум
225 1# - СЕРИЯ
Основное заглавие серии Гарант
Наименование части Информационно-правовое обеспечение
300 ## - ОБЩИЕ ПРИМЕЧАНИЯ
Текст примечания На обл. авт. не указан
606 1# - НАИМЕНОВАНИЕ ТЕМЫ КАК ПРЕДМЕТ
Наименование темы Сельское хозяйство
Формальный подзаголовок Практические пособия
Тематический подзаголовок Налоговое обложение
Географический подзаголовок Российская Федерация
Системный номер авторитетной/нормативной записи 2203835
Идентификатор авторитетной/нормативной записи RU\NLR\auth\661324172
606 ## - НАИМЕНОВАНИЕ ТЕМЫ КАК ПРЕДМЕТ
Наименование темы Единый сельскохозяйственный налог
Географический подзаголовок Российская Федерация
Формальный подзаголовок Практические пособия
Идентификатор авторитетной/нормативной записи RU\NLR\auth\661408603
Системный номер авторитетной/нормативной записи 2358557
686 ## - ИНДЕКСЫ ДРУГИХ КЛАССИФИКАЦИЙ
Индекс У26(2)141.345я7
686 ## - ИНДЕКСЫ ДРУГИХ КЛАССИФИКАЦИЙ
Индекс Х622.2я7
700 #1 - ИМЯ ЛИЦА - ПЕРВИЧНАЯ ОТВЕТСТВЕННОСТЬ
Код отношения Автор
Материалы, к которым относится поле rus
Графика поля Кириллица
Начальный элемент ввода Касьянова
Часть имени, кроме начального элемента ввода Г. Ю.
Расширение инициалов личного имени Галина Юрьевна
Идентификатор авторитетной/нормативной записи RU\NLR\auth\7717956
Системный номер авторитетной/нормативной записи 1040
801 #0 - ИСТОЧНИК ЗАПИСИ
Страна Российская Федерация
Организация NLR
Дата составления 20120301
Правила каталогизации RCR
801 #1 - ИСТОЧНИК ЗАПИСИ
Страна Российская Федерация
Организация NLR
Дата составления 20120301
942 ## - ДОПОЛНИТЕЛЬНЫЕ ЭЛЕМЕНТЫ ЗАПИСИ (АБИС)
Тип экземпляра АБИС Книга
980 ## - КОЛЛЕКЦИЯ
Название коллекции Национальная библиография
980 ## - КОЛЛЕКЦИЯ
Название коллекции НБР
Экземпляры
Тип экземпляра Дата поступления Источник поступления Библиотека постоянного хранения Библиотека текущего хранения Место хранения Шифр хранения Штрих-код Статус экземпляра
Книга 01.03.2012 Обязательный экземпляр РНБ (Московский) РНБ (Московский) Русский книжный фонд: издания с 1957 года 2012-3/7049 3606402  
Книга 01.03.2012 Обязательный экземпляр РНБ (Московский) РНБ (Московский) Русский книжный фонд: издания с 1957 года 2012-3/7049 3606403